000 00579nam a2200169 a 4500
001 000036538
005 20200930075804.0
008 120119s1973 ve 000 0 spa d
040 _aDO-SdBNP
_bspa
_cBNPHU
082 _axxx
_bD542t
100 1 _aDíaz Sánchez, Ramón,
_d1903-1968.
_923438
245 1 0 _aTransición :
_bpolítica y realidad en Venezuela /
_cRamón Díaz Sánchez.
260 _aCaracas, Venezuela :
_bMonte Avila Editores,
_c1973.
300 _a179 p. ;
_c16 cm.
490 1 _aBiblioteca popular el dorado
_v69
830 0 _aBiblioteca popular el dorado;
_v69
_913605
999 _c36029
_d36029